000 00298nam a2200121 a 4500
008 101025s1983|||| d
100 1 _aMakanin, Vladimír
245 1 0 _aPortrét s pozadím
260 _bSlovenský spisovateľ
_aBratislava
_c1983
020 _c16
041 _aslo
044 _axo
_cSK
999 _c12184
_d12184